Statistics for The Great Escape Tracklist (Blur)

Click here to take the quiz!

General Stats

  • This quiz has been taken 7 times
  • The average score is 11 of 15

Answer Stats

HintAnswer% Correct
2Country House
100%
3Best Days
86%
4Charmless Man
86%
13Dan Abnormal
86%
9He Thought of Cars
86%
1Stereotypes
86%
7The Universal
86%
15Yuko and Hiro
86%
11Ernold Same
71%
10It Could Be You
71%
5Fade Away
57%
12Globe Alone
57%
6Top Man
57%
8Mr Robinson's Quango
43%
14Entertain Me
29%

Score Distribution

Percentile by Number Answered

Percent of People with Each Score

Your Score History

You have not taken this quiz